000 00932nam a22002417a 4500
999 _c18986
_d18986
003 AR-CdUCM
008 190516b ||||| |||| 00| 0 spa d
040 _aMUNICIPALIDAD PROVINCIAL DEL CUSCO
_cBIBLIOTECA MUNICIPAL DEL CUSCO
082 _a869.521 /
_bH673
110 _aCentros de estudios históricos militares del Perú /
_939982
245 _aNuevos estudios sobre el Inca Garcilaso De la Vega /
260 _aLima :
_bBanco de credito de Peru,
_c1955.
300 _a331 páginas ;
_c25 cm.
505 _aContenido : Nuevos fondos documentales sobre el Inca Garcilaso -- Garcilaso y su formación literaria -- Creacion y elaboracion de La florida del Inca...
650 _aBiografía
_922
650 _aFormación literaria
_939983
650 _aObras
_96865
700 _aPorras Barrenechea, Raúl
_91670
700 _aDurand, José
_98822
700 _aValcárcel, Daniel
_91727
942 _2ddc
_cLIBROS
945 _arcc